| 000 | 00362nam a2200133Ia 4500 | ||
|---|---|---|---|
| 003 | PILC | ||
| 008 | 220421s2010 xx 000 0 und d | ||
| 040 | _cEARIST LIBRARY | ||
| 100 |
_aOjugo,clement _91039 |
||
| 245 | 0 | _aPractical food and beverages cost control / | |
| 260 |
_a Delmar Cengage Learning, _bAustralia : _c2010. |
||
| 999 |
_c2445 _d2445 |
||
| 942 |
_2ddc _cBK |
||